000 00681cab a2200217 4500
001 WB3017-19
008 090401t1994 xxu||||| |||| 00| 0 eng d
035 _a(Sirsi) u41788
041 _aeng
245 _aDraft report targets overspecification
260 _c1994
350 _a0
490 _aEstates Gazette
_v(9417) 30 April 1994, 34(1)
520 _aA British Council of Offices draft consultation document aims to aid the development industry match its products better to occupiers` needs.
650 _aCONSULATION PAPER
650 _aOCCUPIERS NEEDS
650 _aSPECIFICATIONS
690 _aPROPERTY-PROPERTY DEVELOPMENT
942 _n0
948 _c04/03/1997
999 _c26826
_d26826